<?xml version="1.0" encoding="UTF-8"?>
<record
    xmlns:xsi="http://www.w3.org/2001/XMLSchema-instance"
    xsi:schemaLocation="http://www.loc.gov/MARC21/slim http://www.loc.gov/standards/marcxml/schema/MARC21slim.xsd"
    xmlns="http://www.loc.gov/MARC21/slim">

  <leader>00959nam a22001577a 4500</leader>
  <controlfield tag="005">20230309130807.0</controlfield>
  <controlfield tag="008">230309b           cl ||||| |||| 00| 0 eng d</controlfield>
  <datafield tag="050" ind1="0" ind2="4">
    <subfield code="a">TN713</subfield>
    <subfield code="b">E53 1984</subfield>
  </datafield>
  <datafield tag="111" ind1="2" ind2=" ">
    <subfield code="a">Encuentro Latinoamericano sobre T&#xE9;cnicas de Embanque de Altos Hornos</subfield>
    <subfield code="n">(1st :</subfield>
    <subfield code="d">1984 :</subfield>
    <subfield code="c">Talcahuano, Chile)</subfield>
  </datafield>
  <datafield tag="245" ind1="1" ind2="0">
    <subfield code="a">T&#xE9;cnicas de embanque de altos hornos </subfield>
    <subfield code="b">: trabajos presentados, debates y conclusiones del Encuentro Latinoamericano sobre T&#xE9;cnicas de Embanque de Altos Hornos : organizado por el Instituto Latinoamericano del Fierro y el Acero, ILAFA, con el patrocinio de Compa&#xF1;&#xED;a Sider&#xFA;rgica Huachipato S.A., CSH, Talcahuano, Chile, 28 al 30 de marzo de 1984.</subfield>
  </datafield>
  <datafield tag="260" ind1=" " ind2=" ">
    <subfield code="a">Talcahuano, Chile :</subfield>
    <subfield code="b">El Instituto latinoamericano del Fierro y el Acero, ILAFA, </subfield>
    <subfield code="c">1984</subfield>
  </datafield>
  <datafield tag="300" ind1=" " ind2=" ">
    <subfield code="a">v. p.  :</subfield>
    <subfield code="b">il. ;</subfield>
    <subfield code="c">30 cm.</subfield>
  </datafield>
  <datafield tag="650" ind1=" " ind2="7">
    <subfield code="2">lemb </subfield>
    <subfield code="a">Altos hornos </subfield>
    <subfield code="v">Congresos</subfield>
    <subfield code="z">Am&#xE9;rica Latina </subfield>
  </datafield>
  <datafield tag="710" ind1="2" ind2=" ">
    <subfield code="a">Instituto Latinoamericano del Fierro y el Acero.</subfield>
  </datafield>
  <datafield tag="942" ind1=" " ind2=" ">
    <subfield code="2">lcc</subfield>
    <subfield code="c">LIB</subfield>
  </datafield>
  <datafield tag="999" ind1=" " ind2=" ">
    <subfield code="c">91150</subfield>
    <subfield code="d">91150</subfield>
  </datafield>
  <datafield tag="952" ind1=" " ind2=" ">
    <subfield code="1">0</subfield>
    <subfield code="2">lcc</subfield>
    <subfield code="4">0</subfield>
    <subfield code="7">0</subfield>
    <subfield code="a">INV-015</subfield>
    <subfield code="b">INV-015</subfield>
    <subfield code="c">GENERAL</subfield>
    <subfield code="d">2023-03-09</subfield>
    <subfield code="f">1a ed. </subfield>
    <subfield code="k">IT</subfield>
    <subfield code="o">TN713 E53 1984</subfield>
    <subfield code="p">BIIM000000736</subfield>
    <subfield code="r">2023-03-09 00:00:00</subfield>
    <subfield code="t">1</subfield>
    <subfield code="v">1.00</subfield>
    <subfield code="y">LIB</subfield>
  </datafield>
</record>
